000 00772nam a2200229Ii 4500
003 JO-AjNU
008 230605s9999||||xx |||||||||||||| ||und||
017 _a2003/14042
020 _a977-01-8759-3
040 _aJO-AjNU
_bara
_erda
_cJO-AjNU
041 _aara
050 1 4 _aPJ7900 2003
100 3 _aتقديم منصور،أنيس,
_eauthor
_97778
245 0 0 _aرمسيس .. يا .. رحلات .. وحكايات
264 3 1 _aالقاهرة: مكتبة الأسرة،2003 ؛ مهرجان القراءة للجميع 2003
300 _a319ص
_bمصور
336 _atext
_btxt
_2rdacontent
337 _aunmediated
_bn
_2rdamedia
338 _avolume
_bnc
_2rdacarrier
490 0 _aسلسلة الأعمال الخاصة
650 4 _aالأدب العربي
_97779
999 _aA452
_c4020
_d4020